000 00437nam a2200181Ia 4500
001 13563
005 20260306164810.0
008 260306t2007||||xx |||||||||||||| ||spa||
041 _aESP
082 _a004.678
_bA92
100 _aAwad, Elias M.
_eAUT
245 0 _aManual fundamental de comercio electrónico
260 _c2007
300 _a672 páginas :
_c23 cm.
650 _aGEN
654 _aCCC
942 _cLIB
_dJUS
_fJUS
_2ddc
_n
999 _c13563
_d13563